Quick Pick: London Mayoral Election 2016 Quiz Stats

 Plays Quiz not verified by Sporcle

Challenge
Share
Tweet
Embed
Score 0/12 Timer 01:30
0 Plays Today
% Correct
Liberal Democrats
94.1%
Labour Party
91.8%
Conservative Party
90.5%
Green Party of England and Wales
87.7%
Independent
84.1%
UK Independence Party
82.7%
British National Party
78.2%
Britain First
73.6%
Women's Equality Party
65%
Cannabis Is Safer Than Alcohol
63.2%
Respect Party
52.7%
One Love Party
35.9%

You're not logged in!

Compare scores with friends on all Sporcle quizzes.
Join for Free
OR
Log In

You Might Also Like...

Show Comments

Extras

Top Quizzes Today


Score Distribution

Your Account Isn't Verified!

In order to create a playlist on Sporcle, you need to verify the email address you used during registration. Go to your Sporcle Settings to finish the process.

Report this User

Report this user for behavior that violates our Community Guidelines.

Details: